000 00428nam a22001697a 4500
005 20160628145053.0
008 160628b xxu||||| |||| 00| 0 eng d
020 _a81-7040-144-5
041 _aeng
082 _b10608
100 _aPunekar, Deodhar and Sankaran
_93087
245 _aLabour Welfare, Trade unionism and Industrial Relations
260 _bHPH
_c2004
300 _a488
650 _aManagement
_9241
942 _cBK
999 _c4481
_d4480